000
00187 a2200097 4500
020
_a
9781558854277
041
_a
eng
100
_a
Capetillo, luisa
245
2
_a
A nation of women
942
_c
BK
999
_c
225
_d
225